Normal view
MARC view
- TECHNOLOGY & ENGINEERING
Entry Topical Term
001 - CONTROL NUMBER
- control field: 82676
003 - CONTROL NUMBER IDENTIFIER
- control field: NUST
005 - DATE AND TIME OF LATEST TRANSACTION
- control field: 20210923160041.0
008 - FIXED-LENGTH DATA ELEMENTS
- fixed length control field: 210923|| aca||aabn | a|a d
040 ## - CATALOGING SOURCE
- Original cataloging agency: NUST
- Transcribing agency: NUST
150 ## - HEADING--TOPICAL TERM
- Topical term or geographic name entry element: TECHNOLOGY & ENGINEERING
- General subdivision: Drafting & Mechanical Drawing
670 ## - SOURCE DATA FOUND
- Source citation: Work cat.: (NUST)33556: Simmons, C. H. (Colin H.) 82673, Manual of engineering drawing, ©2012.
